000 00693nam a2200181Ia 4500
008 100921s9999 xx 000 0 und d
082 _b37122
_a891.463 न 03
100 _aपोंक्षे राजीव.
245 _aजन्म गुन्हेगारांचा.
260 _bपार्टनर प्रकाशन, मुंबई.
_c2003
300 _a188
_bकलाभारती वितरण,पुणे
365 _b165
520 _aललित-कथा.
630 _aजन्म गुन्हेगारांचा.
650 _aललित-कथा.
730 _aजन्म गुन्हेगारांचा.
942 _cBOOK
999 _c786235
_d786232